Index of production (Record no. 74358)
[ view plain ]
| 000 -LEADER | |
|---|---|
| fixed length control field | 01119cam a2200205 4500 |
| 008 - FIXED-LENGTH DATA ELEMENTS--GENERAL INFORMATION | |
| fixed length control field | 040406n2004 000 0 eng u |
| 035 ## - SYSTEM CONTROL NUMBER | |
| System control number | (Sirsi) u125776 |
| 245 ## - TITLE STATEMENT | |
| Title | Index of production |
| 260 ## - PUBLICATION, DISTRIBUTION, ETC. | |
| Date of publication, distribution, etc. | 2004 |
| 490 ## - SERIES STATEMENT | |
| Series statement | National Statistics Press Release |
| Volume/sequential designation | 5 April 2004 (11) |
| 520 ## - SUMMARY, ETC. | |
| Summary, etc. | The seasonally adjusted chained volume index for the three months to February was 0.6% lower than in the previous three months. Output for manufacturing in the last three months was down 0.3% and in mining and quarrying was down by 2.1%. Also down in the same period was the output of the consumer durable goods industries which fell by 1.8% and was 0.8% lower compared with one year ago. The output of the capital goods industries fell by 0.8% but it was 1.8% higher than in the same period a year ago. For the National statistics press release: http://www.statistics.gov.uk/pdfdir/iop0404.pdf |
| 590 ## - LOCAL NOTE (RLIN) | |
| Local note | WB |
| 650 ## - SUBJECT ADDED ENTRY--TOPICAL TERM | |
| Topical term or geographic name entry element | PRODUCTION SECTOR |
| 650 ## - SUBJECT ADDED ENTRY--TOPICAL TERM | |
| Topical term or geographic name entry element | MANUFACTURING INDUSTRY |
| 650 ## - SUBJECT ADDED ENTRY--TOPICAL TERM | |
| Topical term or geographic name entry element | MANUFACTURING OUTPUT |
| 650 ## - SUBJECT ADDED ENTRY--TOPICAL TERM | |
| Topical term or geographic name entry element | CAPITAL GOODS |
| 650 ## - SUBJECT ADDED ENTRY--TOPICAL TERM | |
| Topical term or geographic name entry element | MINING INDUSTRY |
| 690 ## - LOCAL SUBJECT ADDED ENTRY--TOPICAL TERM (OCLC, RLIN) | |
| Topical term or geographic name as entry element | ECONOMIC ISSUES |
| 942 ## - ADDED ENTRY ELEMENTS (KOHA) | |
| Suppress in OPAC | 0 |
No items available.